| 000 | 01081nasaa2200289 i 4500 | ||
|---|---|---|---|
| 003 | EG-GICUS | ||
| 005 | 20251117122300.0 | ||
| 008 | 251113b1994uuuule qr p 0 0ara d | ||
| 040 |
_aEG-GiCUC _bara _cEG-GiCUC _erda |
||
| 041 | _aara | ||
| 043 | _a a-le--- | ||
| 049 | _aإهداء | ||
| 092 |
_221 _a956.6 _bA3162 |
||
| 099 | _a956.6 A3162 | ||
| 222 | 2 | _aالحداثة | |
| 245 | 0 | 2 | _aالحداثة |
| 246 | 0 | 3 | _aal-Ḥadāthah. |
| 264 |
_aبيروت، لبنان : _b؛دار الحداثة للطباعة والنشر والتوزيع _c1994- |
||
| 300 |
_aمجلدات: _bايضاحيات ; _c24سم. |
||
| 310 | _0فصلية | ||
| 362 | 1 | _aالسنة 1.، العدد 1. و 2. (صيف وخريف 1994)- | |
| 541 |
_aإهداء _d2024-10-24 _bالقاهرة _cاهداء د/جابر عصفور |
||
| 588 | _5الوصف مأخوذمن : السنة العاشرة العددان الثالث والسبعون والرابع والسبعون صيف 2003 | ||
| 651 | 0 |
_aلبنان _xحضارة _vدوريات _2qarmak |
|
| 905 |
_aSuzan _eAbeer |
||
| 942 |
_n0 _cCR |
||
| 999 |
_c175824 _d175824 |
||